[Event "World Senior Teams +50"]
[Site "Radebeul GER"]
[Date "2016.06.27"]
[Round "2.12"]
[Board "3"]
[White "Stahr, Ralf-Peter"]
[Black "Bosbach, Gerhard"]
[Result "1-0"]
[WhiteElo "2018"]
[BlackElo "2217"]
[WhiteTeam "Stiftung BSW / DBAG II"]
[BlackTeam "Hessische Seniorenmannschaft"]
[WhiteFideId "4661745"]
[BlackFideId "4605063"]
[EventDate "2016.06.26"]

1. c4 Nf6 2. Nc3 e5 3. Nf3 Nc6 4. e3 a6 5. d4 exd4 6. Nxd4 Bb4 7. Qc2 O-O 8. Be2
Re8 9. O-O Bf8 10. Bf3 Ne5 11. Be2 d6 12. h3 c6 13. e4 d5 14. cxd5 cxd5 15. Rd1
dxe4 16. Ne6 Qe7 17. Nxf8 Qxf8 18. Nxe4 Nxe4 19. Qxe4 Nc6 20. Qf3 Bf5 21. Be3
Be4 22. Qh5 Qb4 23. b3 Rad8 24. Bc4 Bg6 25. Qg5 Rxd1+ 26. Rxd1 Ne5 27. Rd8 Qf8
28. Bc5 1-0

[Event "World Senior Teams +50"]
[Site "Radebeul GER"]
[Date "2016.06.27"]
[Round "2.12"]
[Board "4"]
[White "Kargoll, Herbert"]
[Black "Schneider, Karl-Heinz"]
[Result "1-0"]
[WhiteElo "2185"]
[BlackElo "1975"]
[WhiteTeam "Hessische Seniorenmannschaft"]
[BlackTeam "Stiftung BSW / DBAG II"]
[WhiteFideId "4636007"]
[BlackFideId "24675300"]
[EventDate "2016.06.26"]

1. e4 c5 2. Nf3 Nc6 3. b3 Nf6 4. e5 Ng4 5. Bb2 e6 6. h3 Nh6 7. g4 Be7 8. Nc3 a6
9. Ne4 O-O 10. Bd3 Nb4 11. g5 Nxd3+ 12. cxd3 Nf5 13. Nf6+ Kh8 14. Nh2 Qc7 15.
Ne4 b6 16. Ng4 Bb7 17. h4 d5 18. exd6 Nxd6 19. Qe2 Rad8 20. Rh3 Nf5 21. Rc1 Nd4
22. Qe3 Bc8 23. Bxd4 Rxd4 24. Qxd4 Qf4 25. Qe3 Qxg4 26. Qg3 Qf5 27. Qg2 Bb7 28.
Re3 Qf4 29. Qg3 Qf5 30. Nd6 Qd5 31. Nxb7 Qh1+ 32. Ke2 Qxb7 33. h5 Qd5 34. Rg1
Rd8 35. Qf4 b5 36. Qf3 Bxg5 37. Qxf7 Bf6 38. h6 Rg8 39. hxg7+ Bxg7 40. Qxe6 Qh5+
41. Ke1 Qh2 42. Qg4 Qb8 43. Re7 Qf8 44. Qe6 a5 45. Rgxg7 Rxg7 46. Re8 1-0

[Event "World Senior Teams +50"]
[Site "Radebeul GER"]
[Date "2016.06.27"]
[Round "2.13"]
[Board "2"]
[White "Lewis, Andrew P"]
[Black "Findlay, David John"]
[Result "1/2-1/2"]
[WhiteTitle "FM"]
[WhiteElo "2269"]
[BlackElo "2132"]
[WhiteTeam "England 2"]
[BlackTeam "Scotland"]
[WhiteFideId "400955"]
[BlackFideId "2400278"]
[EventDate "2016.06.26"]

1. c4 e6 2. Nc3 d5 3. d4 c5 4. cxd5 exd5 5. Nf3 Nc6 6. g3 Nf6 7. Bg2 Be7 8. O-O
O-O 9. Bg5 Be6 10. dxc5 Bxc5 11. Bxf6 Qxf6 12. Nxd5 Qxb2 13. Nc7 Rad8 14. Qc1
Qxc1 15. Raxc1 b6 16. Nxe6 fxe6 17. e3 h6 18. Rc4 Rf6 19. h4 Ne7 20. Re4 Nf5 21.
a4 Nd6 22. Rg4 h5 23. Rf4 Rxf4 24. gxf4 Nf5 25. Re1 Be7 26. Bh3 Nxh4 27. Bxe6+
Kf8 28. Nxh4 Bxh4 29. Re2 Rd1+ 30. Kg2 Ke7 31. f5 Bf6 32. Rc2 Kd6 33. f4 Ra1 34.
e4 Rxa4 35. e5+ Bxe5 36. fxe5+ Kxe5 37. Bd7 Rd4 38. Bc8 Kf6 39. Rc6+ Kf7 40.
Rc7+ Kf6 41. Rxa7 g6 42. fxg6 Kxg6 43. Rc7 Rb4 44. Bd7 h4 45. Be8+ Kf6 46. Kh3
Ke5 47. Bh5 Kd6 48. Rc8 b5 49. Bg4 Rc4 50. Rb8 Kc5 51. Kxh4 b4 52. Kg3 Re4 53.
Bf5 Re5 54. Kf4 Re1 55. Be4 Kc4 56. Ke5 Kc3 57. Rc8+ Kb2 58. Kd4 b3 59. Bd3 Rg1
60. Rb8 Rg4+ 61. Ke3 Kc3 62. Rc8+ Kb2 63. Kd2 Rg2+ 64. Be2 Ka2 65. Ra8+ Kb2 66.
Rb8 Ka2 67. Ke3 Rxe2+ 68. Kxe2 b2 69. Ra8+ Kb3 70. Rb8+ Kc2 71. Rxb2+ Kxb2 1/2-1/2

[Event "World Senior Teams +50"]
[Site "Radebeul GER"]
[Date "2016.06.27"]
[Round "2.13"]
[Board "3"]
[White "Giulian, Rosemary A"]
[Black "Lauterbach, Ingrid"]
[Result "0-1"]
[BlackTitle "WIM"]
[WhiteElo "1864"]
[BlackElo "2107"]
[WhiteTeam "Scotland"]
[BlackTeam "England 2"]
[WhiteFideId "2400375"]
[BlackFideId "405221"]
[EventDate "2016.06.26"]

1. e4 b6 2. Nc3 Bb7 3. f4 e6 4. Nf3 Bb4 5. d3 d5 6. exd5 exd5 7. a3 Be7 8. d4
Nf6 9. Bd3 O-O 10. Ne2 Ne4 11. O-O c5 12. c3 Nc6 13. Ne5 Na5 14. b4 cxb4 15.
cxb4 Nc6 16. Nxc6 Bxc6 17. b5 Bb7 18. a4 Bb4 19. Ba3 Bxa3 20. Rxa3 Qe7 21. Ra2
Rac8 22. Rc2 Qb4 23. f5 f6 24. Rxc8 Rxc8 25. Bb1 Nd2 26. Re1 Qb2 27. Bd3 Qb4 28.
Bb1 Kf7 29. Kh1 Nxb1 30. Qxb1 Qxa4 31. Rc1 Rxc1+ 32. Qxc1 Qc4 33. Qd1 Qxb5 34.
Nf4 Qc6 35. Qh5+ Kg8 36. g3 Bc8 37. Qg4 Qc1+ 38. Kg2 Qc2+ 39. Kh3 Bxf5 0-1

[Event "World Senior Teams +50"]
[Site "Radebeul GER"]
[Date "2016.06.27"]
[Round "2.13"]
[Board "4"]
[White "Bowmer, Kevin"]
[Black "Jennings, Richard"]
[Result "0-1"]
[WhiteElo "2071"]
[BlackElo "1855"]
[WhiteTeam "England 2"]
[BlackTeam "Scotland"]
[WhiteFideId "416690"]
[BlackFideId "2404435"]
[EventDate "2016.06.26"]

1. e4 e6 2. d4 d5 3. Nd2 a6 4. Bd3 c5 5. dxc5 Bxc5 6. Ngf3 Nc6 7. O-O Nf6 8. c3
Qc7 9. exd5 Nxd5 10. Ne4 Be7 11. c4 Nf4 12. Bb1 f5 13. Nc3 O-O 14. g3 Ng6 15. b3
Bd7 16. Bg5 Rad8 17. Bxe7 Ncxe7 18. Qe2 e5 19. Rd1 Bc6 20. Bc2 Bxf3 21. Qxf3 e4
22. Qe3 Ne5 23. Rxd8 Rxd8 24. Rd1 Rxd1+ 25. Bxd1 Qd6 26. Be2 N7c6 27. Nd5 Nb4
28. Nxb4 Qxb4 29. Kg2 Qd6 30. c5 Qd7 31. Qf4 Nd3 32. Qd6 Qxd6 33. cxd6 Ne5 34.
Bc4+ Kf8 35. Be6 g6 36. Bc8 b5 37. Bxa6 b4 38. Bc4 h6 39. h4 Ke8 40. h5 g5 41.
Be6 f4 42. gxf4 gxf4 43. Bf5 Kd8 44. Kf1 Nf3 45. Bxe4 Nd2+ 46. Ke2 Nxe4 47. Kf3
Nxd6 48. Kxf4 Ke7 49. Ke5 Nb5 0-1

[Event "World Senior Teams +50"]
[Site "Radebeul GER"]
[Date "2016.06.27"]
[Round "2.14"]
[Board "1"]
[White "Buchal, Stephan"]
[Black "Hilbig, Dieter"]
[Result "1-0"]
[WhiteTitle "FM"]
[WhiteElo "2338"]
[BlackElo "2014"]
[WhiteTeam "Werder/BSG Bremen"]
[BlackTeam "SG Gera/ Meuselwitz"]
[WhiteFideId "4603915"]
[BlackFideId "24642851"]
[EventDate "2016.06.26"]

1. c4 c5 2. g3 Nc6 3. Bg2 Nf6 4. Nf3 b6 5. d4 cxd4 6. Nxd4 Bb7 7. O-O Qc8 8. Nc3
Nxd4 9. Qxd4 Bxg2 10. Kxg2 g6 11. Bg5 Bg7 12. Nd5 Qc6 13. e4 Rg8 14. Bxf6 Bxf6
15. Nxf6+ Qxf6 16. Qxf6 exf6 17. Rfd1 Rc8 18. b3 Ke7 19. Rd5 Rgd8 20. f4 Rc6 21.
Kf3 Rb8 22. Rad1 Rb7 23. Ke3 a6 24. a4 Ke6 25. g4 Ke7 26. h4 Rc8 27. g5 fxg5 28.
hxg5 Rh8 29. Rh1 f6 30. gxf6+ Kxf6 31. Rd6+ Ke7 32. Rxg6 Kf7 33. Rgh6 Kg7 34.
Kd4 Rbb8 35. Rd6 Rb7 36. Rg1+ Kf7 37. e5 Rg8 38. Rf6+ 1-0

[Event "World Senior Teams +50"]
[Site "Radebeul GER"]
[Date "2016.06.27"]
[Round "2.14"]
[Board "2"]
[White "Kohl, Torsten"]
[Black "Rust-Lux, Klaus"]
[Result "0-1"]
[WhiteElo "1796"]
[BlackElo "2074"]
[WhiteTeam "SG Gera/ Meuselwitz"]
[BlackTeam "Werder/BSG Bremen"]
[WhiteFideId "24638870"]
[BlackFideId "24682047"]
[EventDate "2016.06.26"]

1. c4 Nf6 2. Nc3 g6 3. d4 Bg7 4. g3 d5 5. cxd5 Nxd5 6. Bg2 Nb6 7. e3 O-O 8. Nf3
Nc6 9. O-O e5 10. dxe5 Nxe5 11. Nxe5 Bxe5 12. Qc2 c6 13. e4 Qe7 14. Rd1 Bg4 15.
f3 Be6 16. Be3 Nc4 17. Bf2 Bg7 18. f4 Qb4 19. Rab1 b6 20. a3 Nxa3 21. bxa3 Qxc3
22. Qxc3 Bxc3 23. Rdc1 Ba2 0-1

[Event "World Senior Teams +50"]
[Site "Radebeul GER"]
[Date "2016.06.27"]
[Round "2.14"]
[Board "3"]
[White "Franke, Reiner"]
[Black "Hilbert, Stephan-Joerg"]
[Result "1-0"]
[WhiteElo "2274"]
[BlackElo "1839"]
[WhiteTeam "Werder/BSG Bremen"]
[BlackTeam "SG Gera/ Meuselwitz"]
[WhiteFideId "4603680"]
[BlackFideId "12904244"]
[EventDate "2016.06.26"]

1. c4 Nf6 2. g3 d6 3. Bg2 e5 4. Nc3 Be7 5. e4 Be6 6. b3 O-O 7. Nge2 c6 8. d4 Na6
9. O-O Qc7 10. h3 Rad8 11. d5 Bd7 12. Be3 c5 13. Qd2 Rb8 14. Rfe1 Qc8 15. Kh2
Nc7 16. a4 a6 17. a5 b5 18. axb6 Rxb6 19. Nc1 Qb7 20. Qc2 Rb8 21. Bd2 Qc8 22.
Nb1 h6 23. f4 Nh7 24. f5 Ne8 25. Be3 Qd8 26. Qf2 Ng5 27. Nd2 Nh7 28. h4 Nhf6 29.
Bf3 h5 30. Rg1 Ng4+ 31. Bxg4 hxg4 32. Qe2 Nf6 33. Bg5 g6 34. Rf1 Nh7 35. Bxe7
Qxe7 36. Qxg4 Kh8 37. Qf3 gxf5 38. exf5 Qf6 39. Ne4 Qh6 40. Ra2 f6 41. Rg2 a5
42. Ra2 a4 43. bxa4 Rb2+ 44. Rxb2 Rxb2+ 45. Ne2 Bxa4 46. Nxd6 Qd2 47. Rf2 Qe1
48. Rg2 Bd1 49. Qg4 Ng5 50. Qh5+ 1-0

[Event "World Senior Teams +50"]
[Site "Radebeul GER"]
[Date "2016.06.27"]
[Round "2.15"]
[Board "2"]
[White "Huelsmann, Josef"]
[Black "Preuss, Heiko"]
[Result "1/2-1/2"]
[WhiteElo "2211"]
[BlackElo "2245"]
[WhiteTeam "SF Monheim Revival"]
[BlackTeam "Post-SV Ulm"]
[WhiteFideId "4607929"]
[BlackFideId "4635493"]
[EventDate "2016.06.26"]

1. d4 Nf6 2. Nf3 d5 3. c4 e6 4. g3 Be7 5. Bg2 c6 6. Nbd2 O-O 7. Qc2 Nbd7 8. O-O
b5 9. b3 Bb7 10. Bb2 a5 11. Rfd1 a4 12. c5 Ne8 13. e4 f5 14. exf5 exf5 15. b4 g6
16. Re1 Ng7 17. Re2 Bf6 18. Rae1 Qc7 19. Ne5 Nxe5 20. dxe5 Be7 21. Nf3 Ne6 22.
Nd4 Bc8 23. f4 Nxd4 24. Bxd4 Be6 1/2-1/2

[Event "World Senior Teams +50"]
[Site "Radebeul GER"]
[Date "2016.06.27"]
[Round "2.15"]
[Board "3"]
[White "Boehm, Martin"]
[Black "Weber, Franz-Josef"]
[Result "1-0"]
[WhiteElo "2234"]
[BlackElo "2136"]
[WhiteTeam "Post-SV Ulm"]
[BlackTeam "SF Monheim Revival"]
[WhiteFideId "4608356"]
[BlackFideId "4684320"]
[EventDate "2016.06.26"]

1. Nf3 Nf6 2. g3 b6 3. Bg2 Bb7 4. c4 c5 5. O-O e6 6. Nc3 Be7 7. d3 O-O 8. e4 d6
9. a3 Nbd7 10. Re1 Qc7 11. Nb5 Qb8 12. b4 Rd8 13. bxc5 Nxc5 14. Rb1 Bc6 15. Nfd4
Bb7 16. f4 a6 17. Nc3 Qc7 18. Be3 Rac8 19. Na2 Bf8 20. Nb4 Qd7 21. Kh1 Na4 22.
Qd2 a5 23. Na2 d5 24. cxd5 exd5 25. e5 Ng4 26. Bg1 Bxa3 27. f5 f6 28. e6 Qe7 29.
Qd1 Nc5 30. Nb5 Nxd3 31. Qxd3 Bc5 32. Nd4 Ne5 33. Qd1 Ba6 34. Nc3 Bc4 35. Ncb5
Bb4 36. Re3 Rc5 37. Qa4 Bd3 38. Rxb4 axb4 39. Qxb4 Qb7 40. e7 Re8 41. Nd6 Qxe7
42. Nxe8 Be4 43. Bxe4 dxe4 44. Qxb6 Rc3 45. Qe6+ Kf8 46. Nd6 1-0

[Event "World Senior Teams +50"]
[Site "Radebeul GER"]
[Date "2016.06.27"]
[Round "2.15"]
[Board "4"]
[White "Weisshaupt, Rainer"]
[Black "Habel, Christof"]
[Result "1-0"]
[WhiteElo "2114"]
[BlackElo "2042"]
[WhiteTeam "SF Monheim Revival"]
[BlackTeam "Post-SV Ulm"]
[WhiteFideId "4621689"]
[BlackFideId "24602540"]
[EventDate "2016.06.26"]

1. d4 Nf6 2. c4 g6 3. Nc3 d5 4. cxd5 Nxd5 5. e4 Nxc3 6. bxc3 c5 7. Bc4 Bg7 8.
Ne2 Nc6 9. Be3 cxd4 10. cxd4 Qa5+ 11. Qd2 O-O 12. Rd1 e6 13. O-O a6 14. h3 b5
15. Bb3 Bb7 16. d5 exd5 17. exd5 Qxd2 18. Rxd2 Na5 19. Rfd1 Nxb3 20. axb3 Bc8
21. Nf4 a5 22. d6 Bd7 23. Nd5 a4 24. Nb6 Rad8 25. bxa4 bxa4 26. Ra2 Rfe8 27.
Nxd7 Rxd7 28. Rxa4 Be5 29. Ra6 Red8 30. Bc5 g5 31. g3 f6 32. Kg2 Kf7 33. Kf3 Ke6
34. Ke3 Bxd6 35. f4 Ke7 36. Rdxd6 Rxd6 37. fxg5 fxg5 38. Ke4 Kf7 39. Rxd6 Re8+
40. Kf5 Kg7 41. Bd4+ Kg8 42. Rd7 Rf8+ 43. Bf6 g4 44. Rg7+ Kh8 45. Rxg4+ Rxf6+
46. Kxf6 1-0

[Event "World Senior Teams +50"]
[Site "Radebeul GER"]
[Date "2016.06.27"]
[Round "2.16"]
[Board "1"]
[White "Waschk, Armin"]
[Black "Becker, Marco"]
[Result "1-0"]
[WhiteElo "2183"]
[BlackElo "1987"]
[WhiteTeam "Dettmann"]
[BlackTeam "SV Horst-Emscher"]
[WhiteFideId "4630866"]
[BlackFideId "24601993"]
[EventDate "2016.06.26"]

1. e4 c6 2. d4 d5 3. e5 Bf5 4. Nf3 e6 5. Be2 Ne7 6. Nbd2 Nc8 7. Nb3 a6 8. O-O
Nd7 9. Bd2 Be7 10. c4 b6 11. Rc1 O-O 12. Ne1 b5 13. Ba5 Qe8 14. cxd5 cxd5 15.
Nd3 Ncb6 16. Bxb6 Nxb6 17. Nbc5 Bxd3 18. Bxd3 Bxc5 19. dxc5 Nc4 20. b3 Nxe5 21.
Bxh7+ Kxh7 22. Qh5+ Kg8 23. Qxe5 f6 24. Qd6 Kf7 25. b4 Qe7 26. Qg3 Rac8 27. f4
Qc7 28. Qf3 Rh8 29. h3 g6 30. Qd3 Rh4 31. a4 Rxf4 32. axb5 axb5 33. Qd2 Rh4 34.
Qg5 Rh7 35. Qxf6+ Kg8 36. Qxg6+ Kh8 37. Qxe6 Rd8 38. Qf6+ Rg7 39. Rf4 Qe7 40.
Qxe7 Rxe7 41. Rd1 Re2 42. Rd3 Rb2 43. Rg3 Rd7 44. Rg5 Rd2 45. Kh2 d4 46. c6 Rc7
47. Rh4+ Rh7 48. c7 Rc2 49. Rxh7+ Kxh7 50. Rc5 1-0

[Event "World Senior Teams +50"]
[Site "Radebeul GER"]
[Date "2016.06.27"]
[Round "2.16"]
[Board "2"]
[White "Arndt, Olaf"]
[Black "Dettmann, Gerd"]
[Result "1/2-1/2"]
[WhiteElo "2019"]
[BlackElo "2187"]
[WhiteTeam "SV Horst-Emscher"]
[BlackTeam "Dettmann"]
[WhiteFideId "4655907"]
[BlackFideId "4630815"]
[EventDate "2016.06.26"]

1. e4 c5 2. Nf3 e6 3. c4 Nc6 4. d4 cxd4 5. Nxd4 Nf6 6. Nc3 Bb4 7. Qd3 d5 8. Nxc6
bxc6 9. cxd5 exd5 10. exd5 Qxd5 11. Qxd5 Nxd5 12. Bd2 Be6 13. a3 Bxc3 14. bxc3
Rb8 15. c4 Nf6 16. Bb4 Nd7 17. Bd6 Rb3 18. Be2 f6 19. O-O Kf7 20. Rab1 Rxb1 21.
Rxb1 Nb6 22. c5 Nc4 23. Bh5+ g6 24. Rb7+ Kg8 25. Bf3 h5 26. Bxc6 Rh7 27. Rb8+
Kf7 28. Be8+ Kg7 29. Rb7+ Kg8 30. Rxh7 Kxh7 31. Bb8 a5 32. c6 Kg7 33. Bd7 Kf7
34. Bxe6+ Kxe6 35. a4 Nb6 1/2-1/2

[Event "World Senior Teams +50"]
[Site "Radebeul GER"]
[Date "2016.06.27"]
[Round "2.16"]
[Board "3"]
[White "Dettmann, Holger"]
[Black "Goeldenboog, Juergen"]
[Result "1/2-1/2"]
[WhiteElo "2040"]
[BlackElo "1979"]
[WhiteTeam "Dettmann"]
[BlackTeam "SV Horst-Emscher"]
[WhiteFideId "24636320"]
[BlackFideId "4634004"]
[EventDate "2016.06.26"]

1. d4 d5 2. Bf4 Nf6 3. Nc3 c6 4. Qd2 e6 5. f3 Bd6 6. O-O-O b6 7. g4 Bxf4 8. Qxf4
Ba6 9. h4 Nbd7 10. h5 Qb8 11. Qd2 Qc7 12. Nh3 O-O-O 13. Ng5 Rdf8 14. h6 g6 15.
e4 Bxf1 16. Rdxf1 Kb7 17. Kb1 Nb8 18. e5 Ne8 19. f4 Qe7 20. f5 Nc7 21. f6 Qd7
22. Ne2 Nba6 23. Rc1 c5 24. dxc5 bxc5 25. Rh3 Rb8 26. c4 Ka8 27. Nc3 Rb4 28.
Nce4 Rhb8 29. Nd6 Rxb2+ 30. Qxb2 Rxb2+ 31. Kxb2 Nb4 32. Nxh7 dxc4 33. Rxc4 Qc6
34. Ng5 Qg2+ 35. Kc1 Qf1+ 36. Kd2 Qf2+ 37. Kc1 Qf1+ 38. Kd2 Qf2+ 1/2-1/2

[Event "World Senior Teams +50"]
[Site "Radebeul GER"]
[Date "2016.06.27"]
[Round "2.17"]
[Board "1"]
[White "Wilen, Eero"]
[Black "Baarslag, Ed"]
[Result "1/2-1/2"]
[WhiteElo "2061"]
[BlackElo "2098"]
[WhiteTeam "Finland"]
[BlackTeam "Oranje 2"]
[WhiteFideId "501042"]
[BlackFideId "1014285"]
[EventDate "2016.06.26"]

1. d4 Nf6 2. c4 e6 3. Nf3 Bb4+ 4. Bd2 c5 5. e3 b6 6. Bd3 Bb7 7. a3 Bxd2+ 8.
Nbxd2 cxd4 9. exd4 O-O 10. Rc1 d6 11. O-O Nbd7 12. Re1 Rc8 13. b4 Re8 14. Qb3
Nh5 15. g3 Nhf6 16. Ne4 Nxe4 17. Bxe4 Bxe4 18. Rxe4 h6 19. Re3 Rc7 20. Rce1 Nf6
21. h3 Qc8 22. Nd2 Qd7 23. Kh2 Rec8 24. R1e2 Qc6 25. Re1 Qb7 26. R1e2 Qc6 1/2-1/2

[Event "World Senior Teams +50"]
[Site "Radebeul GER"]
[Date "2016.06.27"]
[Round "2.17"]
[Board "3"]
[White "Karppinen, Martti"]
[Black "Visser, Gerrit"]
[Result "0-1"]
[WhiteElo "1916"]
[BlackElo "2047"]
[WhiteTeam "Finland"]
[BlackTeam "Oranje 2"]
[WhiteFideId "507369"]
[BlackFideId "207330"]
[EventDate "2016.06.26"]

1. d4 Nf6 2. c4 e6 3. g3 c5 4. d5 exd5 5. cxd5 d6 6. Nc3 g6 7. Bg5 Bg7 8. Qa4+
Nbd7 9. Nf3 O-O 10. Bg2 b5 11. Qf4 Qb6 12. O-O Re8 13. a4 b4 14. Bxf6 Nxf6 15.
Nd1 Ba6 16. Ne3 Re4 17. a5 Qc7 18. Nd2 Rxf4 19. gxf4 Bxe2 20. Rfe1 Bd3 21. Nec4
Re8 22. Rxe8+ Nxe8 23. Re1 Kf8 24. Re3 Bf5 25. Nf3 Bd4 26. Re1 Bd3 27. Nfd2 Nf6
28. Bf3 Qd7 29. Kg2 h5 30. b3 Ng4 31. Ne3 Nxe3+ 32. fxe3 Bc3 33. Rd1 Bc2 34. Rc1
Bxd2 35. Rxc2 Bxe3 0-1

[Event "World Senior Teams +50"]
[Site "Radebeul GER"]
[Date "2016.06.27"]
[Round "2.17"]
[Board "4"]
[White "Arp, Frans"]
[Black "Jarnstrom, Henrik"]
[Result "1-0"]
[WhiteElo "2047"]
[BlackElo "1808"]
[WhiteTeam "Oranje 2"]
[BlackTeam "Finland"]
[WhiteFideId "1005987"]
[BlackFideId "510572"]
[EventDate "2016.06.26"]

1. e4 g6 2. d4 Bg7 3. Nc3 d6 4. Be3 Nf6 5. Be2 Nbd7 6. h4 h5 7. Nh3 b6 8. Ng5
Nh7 9. Nxh7 Rxh7 10. Qd2 Bb7 11. O-O-O a6 12. Kb1 b5 13. Bd3 c6 14. f4 Qb6 15.
e5 O-O-O 16. Ne4 Bf8 17. Ng5 Rg7 18. e6 Nf6 19. exf7 Kd7 20. f5 d5 21. Ne6 1-0

[Event "World Senior Teams +50"]
[Site "Radebeul GER"]
[Date "2016.06.27"]
[Round "2.18"]
[Board "1"]
[White "Hutschenreiter, Joerg"]
[Black "Simon, Ralf-Axel"]
[Result "0-1"]
[BlackTitle "FM"]
[WhiteElo "2002"]
[BlackElo "2113"]
[WhiteTeam "SG Gruen-Weiss Dresden"]
[BlackTeam "HannoBer"]
[WhiteFideId "24669172"]
[BlackFideId "4603125"]
[EventDate "2016.06.26"]

1. d4 Nf6 2. c4 c6 3. Nf3 d5 4. e3 Bf5 5. Nc3 a6 6. Be2 h6 7. O-O e6 8. Bd2 Nbd7
9. c5 Ne4 10. b4 Be7 11. a4 O-O 12. Nxe4 dxe4 13. Ne5 Nxe5 14. dxe5 a5 15. Bc3
axb4 16. Bd4 Ra5 17. Qb3 b6 18. Rfd1 Qe8 19. cxb6 c5 20. Bb2 Qc6 21. Bb5 Qxb6
22. Rd7 Ra7 23. Rad1 Rb8 24. Qc4 Rxd7 25. Rxd7 Rd8 26. h3 Rxd7 27. Bxd7 Bd8 28.
Qb5 Qc7 29. Bc6 Qa7 30. Kf1 Bg6 31. Ke1 h5 32. g3 Bf5 33. g4 hxg4 34. hxg4 Bxg4
35. Bxe4 Kf8 36. f3 Bh3 37. Bb7 Ke7 38. Qc6 Qb6 39. Qe4 Bf5 40. Qc6 Qxc6 41.
Bxc6 Bd3 42. Kd2 Bf1 43. f4 Ba5 44. Kc2 Kd8 45. Ba1 Ba6 46. Bb2 Bc4 47. Kc1 Bb3
48. Bb5 c4 49. Bd4 c3 50. Bc5 Ba2 51. Bd3 Bb3 52. Bb5 Bd5 53. Bd3 b3 54. Bd4 0-1

[Event "World Senior Teams +50"]
[Site "Radebeul GER"]
[Date "2016.06.27"]
[Round "2.18"]
[Board "2"]
[White "Spiess, Thomas"]
[Black "Rensch, Toralf"]
[Result "0-1"]
[WhiteElo "1985"]
[BlackElo "2086"]
[WhiteTeam "HannoBer"]
[BlackTeam "SG Gruen-Weiss Dresden"]
[WhiteFideId "4646959"]
[BlackFideId "12933449"]
[EventDate "2016.06.26"]

1. Nf3 f5 2. d4 g6 3. c4 Bg7 4. Nc3 Nf6 5. e3 O-O 6. Be2 d6 7. O-O Qe8 8. b3 c6
9. Qc2 Na6 10. Ba3 Nc7 11. b4 a6 12. Qb3 Kh8 13. Rac1 Be6 14. Nd2 Nb5 15. Bb2
Nxc3 16. Bxc3 Bg8 17. Qb2 h6 18. Bd3 Kh7 19. e4 fxe4 20. Nxe4 Nxe4 21. Bxe4 Bxc4
22. Rfe1 Qf7 23. Re3 Bd5 24. Bb1 Bf6 25. Rg3 Bg5 26. Rf1 Rg8 27. Bd2 Bxd2 28.
Qxd2 Raf8 29. h4 Qf4 30. Qd3 Qxh4 31. Rxg6 Be4 32. Qxe4 Qxe4 33. Bxe4 Rxg6 34.
Re1 Rf7 35. g3 Kg7 36. Bxg6 Kxg6 37. Kg2 Kf6 38. f4 Kf5 39. Kf3 h5 40. Rh1 Rh7
41. Re1 e6 42. a4 Rh8 43. Rc1 Kf6 44. Re1 a5 45. bxa5 Ra8 46. Rb1 Rxa5 47. Rxb7
Rxa4 48. Rh7 Ra3+ 49. Kf2 Kg6 50. Re7 Kf5 51. Re8 Rd3 52. Rc8 Ke4 53. Rxc6 Rd2+
54. Ke1 Rxd4 55. Ke2 Rd5 56. Rc8 Ra5 57. Re8 Ra2+ 58. Ke1 Kf5 59. Rf8+ Kg6 60.
Rg8+ Kf6 61. Rh8 Rg2 62. Rxh5 Rxg3 63. Kf2 Ra3 64. Rb5 d5 65. Rb4 Kf5 66. Rd4
Rb3 0-1

[Event "World Senior Teams +50"]
[Site "Radebeul GER"]
[Date "2016.06.27"]
[Round "2.18"]
[Board "3"]
[White "Salewski, Bernd"]
[Black "Hoffmann, Michael4"]
[Result "1-0"]
[WhiteElo "2004"]
[BlackElo "1931"]
[WhiteTeam "SG Gruen-Weiss Dresden"]
[BlackTeam "HannoBer"]
[WhiteFideId "4655087"]
[BlackFideId "4694376"]
[EventDate "2016.06.26"]

1. d4 d5 2. Nc3 Nf6 3. Bg5 Nbd7 4. f3 c6 5. e4 dxe4 6. fxe4 e5 7. Nf3 Bd6 8. Qd2
h6 9. Bh4 O-O 10. O-O-O Qc7 11. dxe5 Bxe5 12. Nxe5 Qxe5 13. Bg3 Qa5 14. Kb1 Re8
15. Bd3 Ne5 16. Rhf1 Bg4 17. Rc1 Rad8 18. Bh4 Rd4 19. Rxf6 Ra4 20. Rf2 1-0

[Event "World Senior Teams +50"]
[Site "Radebeul GER"]
[Date "2016.06.27"]
[Round "2.18"]
[Board "4"]
[White "Dellos, Peter"]
[Black "Smid, Arend"]
[Result "1/2-1/2"]
[WhiteElo "1890"]
[BlackElo "1966"]
[WhiteTeam "HannoBer"]
[BlackTeam "SG Gruen-Weiss Dresden"]
[WhiteFideId "16203291"]
[BlackFideId "4676556"]
[EventDate "2016.06.26"]

1. e4 Nf6 2. e5 Nd5 3. Nf3 d6 4. d4 Bg4 5. Be2 c6 6. c4 Nb6 7. b3 dxe5 8. dxe5
N8d7 9. Bb2 Qc7 10. Nbd2 e6 11. O-O Rd8 12. h3 Bh5 13. a3 Be7 14. Nh2 Bg6 15. f4
Nc5 16. Nhf3 Ne4 17. Qe1 O-O 18. Nxe4 Bxe4 19. Rd1 Rxd1 20. Bxd1 Bd3 21. Be2 Rd8
22. Bxd3 Rxd3 23. Nd2 Qd7 24. Bc1 Bc5+ 25. Kh1 Be3 26. Ne4 Qd4 27. Nd6 Rxb3 28.
Rf3 Bxc1 29. Rxb3 Bxf4 30. Qf1 Qxe5 31. c5 Nd5 32. Rxb7 h6 33. Rxf7 Qe3 34. Rxa7
Nc3 35. Ne8 g5 36. Nd6 Ne2 37. Ra8+ Kg7 38. Ra7+ Kf6 39. Rf7+ Kg6 40. Qb1+ Kh5
41. Qd1 Kh4 42. Rxf4+ gxf4 43. Nc4 Qc1 44. Qxc1 Nxc1 45. Ne5 Nb3 46. a4 Nxc5 47.
a5 Kg3 48. Nxc6 f3 49. gxf3 Kxf3 50. Kh2 Kf4 51. Nb4 e5 52. Nd3+ Nxd3 53. a6 e4
54. a7 e3 55. a8=Q e2 56. Qf8+ Ke4 57. Qe7+ Kf3 58. Qf6+ Ke4 59. Qh4+ Kf3 60.
Qg3+ Ke4 61. Qh4+ 1/2-1/2

[Event "World Senior Teams +50"]
[Site "Radebeul GER"]
[Date "2016.06.27"]
[Round "2.19"]
[Board "1"]
[White "Siebenhuener, Michael"]
[Black "Erneste, Inguna"]
[Result "0-1"]
[BlackTitle "WGM"]
[WhiteElo "2034"]
[BlackElo "2149"]
[WhiteTeam "TSG Markkleeberg von 1903"]
[BlackTeam "Latvia Women"]
[WhiteFideId "4659805"]
[BlackFideId "11600241"]
[EventDate "2016.06.26"]

1. e4 e5 2. Nf3 Nc6 3. d4 exd4 4. Nxd4 Nf6 5. Nxc6 bxc6 6. Bd3 d5 7. exd5 cxd5
8. O-O Be7 9. Bf4 O-O 10. Nd2 Bg4 11. Be2 Bf5 12. Nf3 c5 13. c3 a5 14. Bd3 Bg4
15. h3 Bh5 16. g4 Bg6 17. Bxg6 hxg6 18. Nd2 d4 19. c4 Bd6 20. Qf3 Qc7 21. Bxd6
Qxd6 22. Qg3 Qb6 23. b3 Qb4 24. Qd3 a4 25. Rfb1 Rfe8 26. Re1 Rxe1+ 27. Rxe1 axb3
28. axb3 Ra2 29. Rd1 Rb2 30. Kg2 Qc3 31. Qe2 g5 32. Qe1 g6 33. Qe2 Kg7 34. Qe1
Qd3 35. Kh2 Rc2 36. Kg2 Rc3 37. f3 Qc2 38. Kg3 Re3 39. Qf1 Nd7 40. h4 gxh4+ 41.
Kxh4 f6 42. Kg3 g5 43. Kg2 Ne5 44. Kg1 Ng6 45. Ne4 Nf4 46. Rd2 Qxb3 47. Nxc5 Qb4
48. Ne4 Rxe4 0-1